000 00564nam a2200193 a 4500
005 20230310063608.0
008 050928s1993 ch r 000 0 spa d
020 _a9561311755
035 _aUPN01000140393
049 _aCG
050 4 _aPR6013 R4.4
_bT4.7
100 1 _aGreene, Graham,
_d1904-1991
_928382
245 1 3 _aEl tercer hombre /
_cGraham Greene ; tr. Silvina Bullrich.
260 _aSantiago de Chile :
_bAndrés Bello,
_c1993.
300 _a136 p.
534 _pTítulo original:
_tThe third man
650 4 _aNovela inglesa
_94471
905 _aLibro
999 _c112541
_d112541